عرض عادي عرض مارك
  • Structural linguistics.

مدخل مصطلح موضوعي

عدد التسجيلات المستخدمة في: 2

001 - رقم الضبط

  • حقل الضبط: 38511

003 - معرف رقم الضبط

  • حقل الضبط: OSt

005 - تاريخ ووقت أخر عملية

  • حقل الضبط: 20131029161400.0

008 - عناصر بيانات ثابتة الطول

  • حقل تحكم ثابت الطول: 131029|||a|||||| | ||| d

040 ## - مصدر الفهرسة

  • هيئة الفهرسة الأصلية: OSt
  • وكالة الكتابة: OSt

150 ## - مدخل-- مصطلح تاريخي

  • عنصر مدخل المصطلح الموضوعي او الاسم الجغرافي: Structural linguistics.

670 ## - بيانات المصدر موجوده

  • الاستشهاد بالمصدر: Work cat.: (OSt)0: Jameson, Fredric. 38510, The prison-house of language :, 1974, c1972.